| 000 | 00815nam a2200229Ia 4500 | ||
|---|---|---|---|
| 003 | Ost | ||
| 005 | 20260507075739.0 | ||
| 008 | 260507s9999||||xx |||||||||||||| ||und|| | ||
| 020 | _a977090984x | ||
| 040 | _cfsecg | ||
| 041 | _aara | ||
| 082 | _a341.5 | ||
| 100 |
_aزايد، محمد بدر الدين _eمؤلف |
||
| 245 | 0 |
_aالمفاوضات الدولية بين العلم والممارسة / _c محمد بدر الدين زايد |
|
| 260 |
_aالقاهرة: _bمكتبة الشروق الدولية, _c2003 |
||
| 300 |
_a125 صفحة؛ _c24 سم |
||
| 504 | _aالهوامش ص.120 | ||
| 520 | _aحول التفاوض الدولي،كيف يتم التفاوض | ||
| 653 | _aالتسوية السلمية للنزاعات الدولية | ||
| 653 | _aالمفاوضات | ||
| 942 | _cكتاب | ||
| 999 |
_c46127 _d46127 |
||